LEADER 01009nam a2200205 i 4500 001 000000050828 003 CaOOAMICUS 005 20051010000000.0 008 051010n xx u000 u lat u 013 $a21999 040 $aSeMil$bita 100 1 $aBerardi, Emilio.$0(OLS)http://semarc/name/12287 245 10$aCasus conscientiae :$bin seminario Faventino pluribus annis resoluti et nunc ex septem fasciculis in unum volumen collecti /$cauctore Aemilio Berardi. 260 $aFaventiae :$bNovelli & Castellani 300 $a1 v. (varie sequenze) ;$c18 cm. 650 4$aTeologia morale - Casi di coscienza.$0(OLS)http://semarc/subject/2481 850 $aSeMil 852 $aSeMil$W1$xVenegono$y1$m2F III 46 FA$j16983$B16983$CSeMilBibl$Z2$F16983 $8I 996 $6245$aCasus conscientiae :$bin seminario Faventino pluribus annis resoluti et nunc ex septem fasciculis in unum volumen collecti$9(OLS)http://semarc/title/77668 996 $6260$aFaventiae :$bNovelli & Castellani$9(OLS)http://semarc/publisher/37073 LEADER 01222nam a2200229 i 4500 001 000000220839 003 CaOOAMICUS 005 20260219090201.0 008 130605s1758 xx u000 u fre u 013 $a199736 026 $ant59 cel. nsle sode (3) 1758 (R) 040 $aSeMil$bita 245 10$aTroisième partie, dans la quelle on traite des préjugés qui font souffrir pour des offenses imaginaires; & des raisons de supporter les offenses mêmes qu'on suppose réelles. 300 $aX, 469, [1] p. 500 $aSegn.: A-V12. 773 0 $aBonnaire, Louis : de <1679-1752>$tLeçons de la sagesse sur les défauts des hommes. ... par M. Debonnaire.$bNouvelle édition revue et corrigée.$dA Paris : Chez Briasson, libraire, ruë S. Jacques, à la Science, & à l'Ange Gardien, 1758.$g3$w()9257 850 $aSeMil 852 $aSeMil$W1$xVenegono$y1$m2O I 7 FA$j171193$B171193$CSeMilBibl$Z2$F181743 $8I 941 1 $a10 961 $aRecupero: Mantegazza 996 $6245$aTroisième partie, dans la quelle on traite des préjugés qui font souffrir pour des offenses imaginaires; & des raisons de supporter les offenses mêmes qu'on suppose réelles$9(OLS)http://semarc/title/316639